Dopad digitalizácie na finančné sprostredkovanie na poistnom trhu bakalárska práca

Uložené v:
Podrobná bibliografia
Hlavný autor: Hrivík, Alexander
Korporativný autor: Národohospodárska fakulta EU. Katedra poisťovníctva
Ďalší autori: Slobodník, Branislav, 1997-
Médium: Kniha
Jazyk:Slovak
Vydavateľské údaje: Bratislava 2025
Tagy: Pridať tag
Žiadne tagy, Buďte prvý, kto otaguje tento záznam!

MARC

LEADER 00000nbm a2200000 4500
001 0309434
005 20251126093049.6
041 0 |a slo 
044 |a SK 
245 1 0 |a Dopad digitalizácie na finančné sprostredkovanie na poistnom trhu  |b bakalárska práca  |c Alexander Hrivík ; školiteľ: Branislav Slobodník 
264 1 |a Bratislava  |c 2025 
300 |a 58 s. 
100 1 |a Hrivík, Alexander 
700 1 |a Slobodník, Branislav, 1997- 
710 2 |a Národohospodárska fakulta EU. Katedra poisťovníctva